[Event "BL2-N9192"]
[Site "Germany"]
[Date "1992.??.??"]
[Round "?"]
[White "Postler, Reinhard"]
[Black "Mattick, Lutz"]
[Result "0-1"]
[WhiteElo "2340"]
[BlackElo "2225"]

1.e4 c5 2.Nf3 e6 3.d4 cxd4 4.Nxd4 a6 5.Nc3 Qc7 6.g3 Bb4 7.Ne2 Nf6 8.Bg2 Be7
9.O-O Nc6 10.h3 d6 11.f4 b5 12.Be3 Bb7 13.g4 Rc8 14.g5 Nd7 15.f5 O-O 16.fxe6 fxe6
17.Nf4 Bxg5 18.Qg4 Bxf4 19.Qxe6+ Kh8 20.Rxf4 Nce5 21.Raf1 Nf6 22.Nd5 Bxd5
23.exd5 Ng6 24.Rxf6 gxf6 25.Rxf6 Rxf6 26.Qxf6+ Qg7 27.Qe6 Rg8 28.Kh1 Nf4
29.Qe4 Qxg2+ 30.Qxg2 Rxg2 31.Bxf4 Rxc2 32.Bxd6 Kg8 33.Be5 Rc5  0-1

[Event "Goch op"]
[Site "Goch"]
[Date "1992.??.??"]
[Round "1"]
[White "Stephan, J."]
[Black "Miezis, Normunds"]
[Result "0-1"]
[WhiteElo "1785"]
[BlackElo "2360"]

1.e4 c5 2.Nc3 e6 3.Nf3 a6 4.d4 cxd4 5.Nxd4 Qc7 6.Bd3 Nc6 7.Nxc6 dxc6 8.Be3 e5
9.Qd2 Nf6 10.f3 Be6 11.O-O-O b5 12.Kb1 Be7 13.g4 O-O 14.h4 Rfd8 15.Qg2 Qa5
16.Bd2 b4  0-1

[Event "Goch op"]
[Site "Goch"]
[Date "1992.??.??"]
[Round "6"]
[White "Senff, Martin"]
[Black "Bunk, Karsten"]
[Result "1/2-1/2"]
[WhiteElo "1910"]
[BlackElo "2140"]

1.e4 c5 2.Nf3 e6 3.d4 cxd4 4.Nxd4 a6 5.Nc3 Qc7 6.Bd3 Nc6 7.Be3 Nf6 8.O-O Ne5
9.f3 Bb4 10.Nce2 d5 11.Bf4 Bd6 12.Qd2 Bd7 13.exd5 Nxd5 14.Bxe5 Bxe5 15.f4 Bd6
16.Be4 Nf6 17.Bf3 O-O 18.Rad1 Rad8 19.Nb3 Bb5 20.Qc1 Nd5 21.g3 Bxe2 22.Bxe2 Qb6+
23.Nd4 e5 24.fxe5 Bxe5 25.c3 Ne7 26.Qe3 Bxd4 27.Rxd4 Nc6 28.Re4 Qxe3+ 29.Rxe3 Rfe8
30.Rxe8+ Rxe8 31.Kf2 Ne5 32.Rd1 Kf8 33.b3 Rc8 34.c4 Rc6 35.Rd5 f6 36.Bf3 Nxf3
37.Kxf3 Ke7 38.Rd4 a5 39.Rd5 b6 40.Rd4 Re6 41.Re4 Rxe4 42.Kxe4 Kd6 43.Kd4 f5
44.h4 g6 45.a3 h6 46.b4 a4 47.c5+ bxc5+ 48.bxc5+ Kc6 49.Ke5 Kxc5 50.Kf6 Kc4
51.Kxg6 Kb3 52.Kxf5 Kxa3 53.g4 Kb4 54.g5 a3 55.g6 a2 56.g7 a1=Q 57.g8=Q Qf1+
58.Kg6 Qg1+  1/2-1/2

[Event "Ikaria op"]
[Site "GRE"]
[Date "1992.??.??"]
[Round "?"]
[White "Kofidis, Andreas"]
[Black "Velikov, Petar"]
[Result "0-1"]
[WhiteElo "2350"]
[BlackElo "2445"]

1.e4 c5 2.Nf3 e6 3.d4 cxd4 4.Nxd4 a6 5.Nc3 Qc7 6.g3 Nf6 7.Bg2 d6 8.O-O Be7
9.h3 Nc6 10.Nde2 b5 11.Be3 Bb7 12.g4 h6 13.Ng3 Ne5 14.Qe2 Qc4 15.Rae1 Qxe2
16.Rxe2 g5 17.f4 gxf4 18.Bxf4 h5 19.g5 Nfd7 20.Ref2 h4 21.Nf5 exf5 22.exf5 Bxg2
23.Rxg2 Rc8 24.f6 Bd8 25.Ne4 Rc6 26.Rd1 Bc7 27.Kf1 O-O 28.c3 Re8 29.Nf2 Ng6
30.Bh2 Nde5  0-1

[Event "Guarapuava op"]
[Site "Guarapuava"]
[Date "1992.??.??"]
[Round "?"]
[White "Van Riemsdijk, Herman C"]
[Black "Braga, Cicero"]
[Result "1/2-1/2"]
[WhiteElo "2425"]
[BlackElo "2365"]

1.e4 c5 2.Nf3 e6 3.d4 cxd4 4.Nxd4 a6 5.Nc3 Qc7 6.g3 Nc6 7.Bg2 Nf6 8.O-O Be7
9.Re1 O-O 10.Nxc6 dxc6 11.e5 Rd8 12.Qe2 Nd5 13.Bd2 b5 14.a3 Bb7 15.Rad1 a5
16.f4  1/2-1/2

[Event "Hamburg op"]
[Site "Hamburg"]
[Date "1992.??.??"]
[Round "3"]
[White "Voigt, Martin"]
[Black "Emms, John M"]
[Result "0-1"]
[WhiteElo "2270"]
[BlackElo "2455"]

1.e4 c5 2.Nf3 e6 3.d4 cxd4 4.Nxd4 a6 5.Nc3 b5 6.a3 Bb7 7.Be3 Qc7 8.f4 Nf6
9.Bd3 d6 10.O-O Nc6 11.Qf3 Be7 12.Rae1 Rd8 13.Qg3 h5 14.h3 h4 15.Qxg7 Rg8
16.Qh6 Nxd4 17.Bxd4 Rg6 18.Qxh4 Nxe4 19.Qh8+ Kd7 20.Qxd8+ Bxd8 21.Bxe4 f5
22.Bxb7 Qxb7 23.Re2 a5 24.Rd2 b4 25.axb4 axb4 26.Na4 Ke7 27.b3 Qe4 28.c3 bxc3
29.Nxc3 Rxg2+ 30.Kh1 Rxd2+ 31.Nxe4 fxe4 32.Bg1 Kf7 33.Rb1 d5 34.b4 d4 35.b5 Bb6
36.Rc1 e3 37.Rc6 Rd1 38.Kg2 d3 39.Bh2 e2 40.Bg3 Rg1+  0-1

[Event "EU-ch U20 Girls"]
[Site "Hradec Kralove"]
[Date "1992.??.??"]
[Round "?"]
[White "Cosma, Elena Luminita"]
[Black "Khurtsidze, Nino"]
[Result "0-1"]
[WhiteElo "2215"]
[BlackElo "2220"]

1.e4 c5 2.Nf3 e6 3.Nc3 a6 4.d4 cxd4 5.Nxd4 Qc7 6.g3 Bb4 7.Ne2 Nf6 8.Bg2 Be7
9.O-O Nc6 10.a4 O-O 11.h3 d6 12.g4 Rb8 13.Ng3 b5 14.axb5 axb5 15.g5 Nd7 16.f4 b4
17.Nce2 Rd8 18.f5 Bf8 19.Nf4 Nde5 20.Kh2 Bd7 21.b3 Ra8 22.Bb2 Rxa1 23.Bxa1 Qb6
24.Qd2 Ra8 25.fxe6 fxe6 26.Nge2 Be7 27.Nd3 Nxd3 28.cxd3 Qb5 29.h4 Rxa1  0-1

[Event "HUN-ch (Women)"]
[Site "?"]
[Date "1992.??.??"]
[Round "3"]
[White "Lendvai, Noemi"]
[Black "Porubszky Angyalosine, Maria A"]
[Result "1-0"]
[WhiteElo "2175"]
[BlackElo "2230"]

1.e4 c5 2.Nf3 e6 3.d4 cxd4 4.Nxd4 a6 5.Nc3 Qc7 6.g3 Nf6 7.Bg2 Be7 8.O-O d6
9.f4 O-O 10.g4 Nfd7 11.g5 Nc6 12.Nxc6 bxc6 13.f5 exf5 14.exf5 d5 15.Kh1 Bd6
16.Be3 Re8 17.Bd4 Ne5 18.Qe1 Bb7 19.Qh4 Rad8 20.Bxe5 Bxe5 21.Rf3 Bc8 22.Raf1 Bxc3
23.Rxc3 Qe5 24.Rcf3 Rd6 25.f6 Qxb2 26.fxg7 Qxg7 27.Qf4 Rg6 28.Qc7 Be6 29.Qxc6 Rc8
30.Qxa6 Rxc2 31.Qa4 Rc4 32.Qb5 Rxg5 33.Qe8+ Qf8 34.Qxe6 Rxg2 35.Rxf7 Rxh2+
36.Kxh2  1-0

[Event "HUN-ch (Women)"]
[Site "?"]
[Date "1992.??.??"]
[Round "3"]
[White "Medvegy, Nora"]
[Black "Kiss, Fernanda"]
[Result "1-0"]
[WhiteElo "2100"]
[BlackElo "2080"]

1.e4 c5 2.Nf3 e6 3.d4 cxd4 4.Nxd4 a6 5.Nc3 b5 6.Bd3 Bb7 7.O-O d6 8.a3 Nf6
9.f4 Be7 10.Be3 Nbd7 11.Kh1 O-O 12.Qf3 Nc5 13.Rae1 Qc7 14.Bc1 Rad8 15.Qg3 d5
16.e5 Nfe4 17.Bxe4 Nxe4 18.Nxe4 dxe4 19.c3 Rxd4 20.cxd4 f5 21.Bd2 Qd8 22.Qe3 Bd5
23.Rc1 Bc4 24.Rfd1 Qd5 25.Ba5 Bd8 26.Bb4 Rf7 27.b3 Bd3 28.Rc3 Qd7 29.Bd6 h6
30.Qf2 Kh7 31.h4 g6 32.Rdc1 Ba5 33.Bb4 Bb6 34.Bc5 Ba5 35.b4 Bd8 36.Ra1 Qc6
37.Qe1 Bc4 38.a4 Qd5 39.axb5 Bxb5 40.Kh2 Rg7 41.Rac1 Rf7 42.Qf2 Kg7 43.Ra1 Rd7
44.Kg1 Rf7 45.g3 Rd7 46.Qa2 Kf7 47.Kf2 h5 48.Ke3 Rb7 49.Qxd5 exd5 50.Rca3 Bb6
51.Kd2 Bxc5 52.bxc5 Bc4 53.Rc1 Rb2+ 54.Rc2 Rb4 55.Kc3 Rb1 56.Rb2 Rxb2 57.Kxb2 Ke6
58.Kc3 Kd7 59.Kb4 Bb5 60.Ka5 Kc6 61.Rb3 Kc7 62.e6 Kc6 63.e7 Kd7 64.Kb6 Kxe7
65.c6 Kd8 66.Kb7  1-0

[Event "HUN-ch (Women)"]
[Site "?"]
[Date "1992.??.??"]
[Round "9"]
[White "Kiss, Fernanda"]
[Black "Porubszky Angyalosine, Maria A"]
[Result "1/2-1/2"]
[WhiteElo "2060"]
[BlackElo "2230"]

1.e4 c5 2.Nf3 e6 3.d4 cxd4 4.Nxd4 a6 5.Nc3 Qc7 6.Bd3 Nc6 7.Be3 Nf6 8.O-O Bd6
9.h3 Be5 10.Nce2 d5 11.Nxc6 bxc6 12.f4 Bxb2 13.Rb1 Ba3 14.e5 Nd7 15.Ng3 g6
16.Qg4 h5 17.Qf3 Bc5 18.c4 Bxe3+ 19.Qxe3 Qa7 20.Rfe1 Qxe3+ 21.Rxe3 O-O 22.Ne2 Nc5
23.Nd4 Bd7 24.Bf1 Rfb8 25.Nb3 Na4 26.Rc1 Rb4 27.g4 hxg4 28.hxg4 a5 29.Rh3 dxc4
30.Rxc4 Rxc4 31.Bxc4 Nb6 32.Rc3 Nd5 33.Bxd5 cxd5 34.Kf2 a4 35.Nc5 Bb5 36.a3 Bc4
37.Ke3 Ra5 38.Nb7 Rb5 39.Nd6 Rb3 40.Kd4 Rxc3 41.Kxc3 Be2 42.g5 Kf8 43.Kd4 Ke7
44.Kc5  1/2-1/2

[Event "HUN-chT"]
[Site "HUN"]
[Date "1992.??.??"]
[Round "?"]
[White "Istvandi, Lajos"]
[Black "Horvath, Gyula"]
[Result "1/2-1/2"]
[WhiteElo "2390"]
[BlackElo "2420"]

1.e4 c5 2.Nf3 e6 3.d4 cxd4 4.Nxd4 a6 5.Nc3 Qc7 6.Bd3 b5 7.a4 b4 8.Nce2 Bb7
9.O-O Nf6 10.Ng3 d5 11.Qe2 Bc5 12.Nb3 Bd6 13.f4 dxe4 14.Nxe4 Nxe4 15.Bxe4 O-O
16.Bxb7 Qxb7 17.Nd2 Nd7  1/2-1/2

[Event "HUN-chT"]
[Site "HUN"]
[Date "1992.??.??"]
[Round "?"]
[White "Istvandi, Lajos"]
[Black "Nemeth, Zoltan"]
[Result "1-0"]
[WhiteElo "2390"]
[BlackElo "2360"]

1.e4 c5 2.Nf3 e6 3.d4 cxd4 4.Nxd4 a6 5.Nc3 Qc7 6.Bd3 Nf6 7.Qe2 Bb4 8.Bd2 Nc6
9.Nxc6 bxc6 10.e5 Nd5 11.O-O Nxc3 12.bxc3 Ba5 13.Qh5 h6 14.f4 Bb7 15.f5 O-O-O
16.fxe6 fxe6 17.Qe2 Qb6+ 18.Kh1 Rhf8 19.Rab1 Qa7 20.Rxf8 Rxf8 21.Be3 c5 22.Qg4 Rf7
23.h3 Bc7 24.Qg6 Re7 25.Be4 Bxe4 26.Qxe4 Rf7 27.Bxc5 d5 28.Qg6  1-0

[Event "HUN-chT"]
[Site "HUN"]
[Date "1992.??.??"]
[Round "?"]
[White "Lakos, Nikoletta"]
[Black "Izsak, Gyula"]
[Result "0-1"]
[WhiteElo "2075"]
[BlackElo "2330"]

1.e4 c5 2.Nf3 e6 3.d4 cxd4 4.Nxd4 a6 5.Nc3 Qc7 6.Bd3 Nf6 7.Qe2 Nc6 8.Nxc6 dxc6
9.O-O e5 10.Kh1 Bd6 11.f4 Bg4 12.Qf2 exf4 13.Bxf4 Bxf4 14.Qxf4 Qxf4 15.Rxf4 Be6
16.a4 a5 17.Ne2 Rd8 18.Rff1 O-O 19.Nf4 Rfe8 20.Rae1 Re7 21.e5 Nd5 22.Nxe6 Rxe6
23.Bf5 Re7 24.e6 f6 25.Re2 Rde8 26.Bh3 Nc7 27.Rfe1 g6 28.Kg1 Kg7 29.b3 h5
30.Rd1 f5 31.Re5 b6 32.Rd6 Kf6 33.Re2 Rxe6 34.Red2 Rxd6 35.Rxd6+ Re6 36.Rd2 Nd5
37.g3 g5 38.Bg2 Ne3 39.Bf3 g4 40.Bh1 Kg5 41.Kf2 c5 42.Re2 f4 43.Re1 h4 44.gxf4+ Kxf4
45.c3 g3+ 46.hxg3+ hxg3+ 47.Kg1 Rd6 48.Bb7 Rd1 49.Rxd1 Nxd1 50.c4 Ne3 51.Bc6 Ke5  0-1

[Event "HUN-chT"]
[Site "HUN"]
[Date "1992.??.??"]
[Round "?"]
[White "Borocz, Istvan"]
[Black "Fogarasi, Tibor"]
[Result "1-0"]
[WhiteElo "2225"]
[BlackElo "2445"]

1.e4 c5 2.Nf3 e6 3.d4 cxd4 4.Nxd4 a6 5.Nc3 Qc7 6.Be2 Nc6 7.Be3 Nf6 8.O-O Bb4
9.Nxc6 bxc6 10.Na4 O-O 11.c4 Bd6 12.f4 Nxe4 13.Bd3 Nf6 14.Bd4 Be7 15.c5 Nd5
16.Nb6 Nxb6 17.Bxh7+ Kxh7 18.Qh5+ Kg8 19.Bxg7 f6 20.Qg6 Bxc5+ 21.Kh1 Rf7
22.Bh6+  1-0

[Event "HUN-chT"]
[Site "HUN"]
[Date "1992.??.??"]
[Round "?"]
[White "Soos, Arpad"]
[Black "Fogarasi, Tibor"]
[Result "0-1"]
[WhiteElo "2315"]
[BlackElo "2445"]

1.e4 c5 2.Nf3 e6 3.d4 cxd4 4.Nxd4 a6 5.Nc3 Qc7 6.Be3 Nc6 7.Bd3 Nf6 8.O-O Ne5
9.h3 Bc5 10.Qe2 d6 11.f4 Ng6 12.Nb3 Bxe3+ 13.Qxe3 O-O 14.e5 dxe5 15.Bxg6 hxg6
16.fxe5 Nd7 17.Rae1 b5 18.Rf4 Bb7 19.h4 Rac8 20.h5 gxh5 21.Rh4 Rfd8 22.Rxh5 Qb6
23.Rh4 Qxe3+ 24.Rxe3 Kf8 25.a4 bxa4 26.Rxa4 Nb6 27.Rb4 Nc4 28.Rh3 Ba8 29.Ra4 Nxb2
30.Rxa6 Kg8 31.Ra1 Nc4 32.Re1 Na3 33.Re2 Rc7 34.Na1 Rc4 35.Kf2 Bb7 36.Rg3 Rf4+
37.Ke1 Nc4 38.Nb3 Rf5 39.Nc5 Bc6 40.Nd3 Ra8 41.Nd1 Ra5 42.Ne3 Ra1+ 43.Nd1 Rh5
44.Nf2 Nxe5 45.Ree3 Nc4 46.Re2 Nb2 47.Rd2 Re5+ 48.Re2 Rf5 49.Rd2 Rxf2 50.Rd8+ Kh7
51.Kxf2 Nxd1+ 52.Ke2 Bb5+ 53.Kd2 Nb2 54.Rh3+ Kg6 55.Rb8 Nc4+ 56.Ke2 Nd6+
57.Kd2 Kf6 58.Rh4 Ke7 59.Rb4 Bc6 60.Rg4 g6 61.g3 Bd5 62.Rbb4 Rg1 63.Ke3 e5
64.Ra4 Nf5+  0-1

[Event "HUN-chT"]
[Site "HUN"]
[Date "1992.??.??"]
[Round "?"]
[White "Soos, Arpad"]
[Black "Pogats, Jozsef"]
[Result "1-0"]
[WhiteElo "2315"]
[BlackElo "2290"]

1.e4 c5 2.Nf3 e6 3.d4 cxd4 4.Nxd4 a6 5.Nc3 Qc7 6.Be3 Nf6 7.Bd3 Nc6 8.O-O Nxd4
9.Bxd4 Bc5 10.Bxc5 Qxc5 11.a4 d6 12.Qd2 e5 13.a5 Be6 14.Na4 Qc7 15.c4 O-O
16.Nb6 Rad8 17.b4 Nd7 18.Nd5 Bxd5 19.cxd5 Rc8 20.Rfc1 Qb8 21.Be2 Nf6 22.Qe3 Rxc1+
23.Rxc1 Rc8 24.Bd3 g6 25.h3 Kg7 26.Kf1 Rc7 27.Ke2 Qc8 28.Kd1 Rxc1+ 29.Qxc1 Qxc1+
30.Kxc1 Kf8 31.Kb2 Ke7 32.Kc3 Kd8 33.Kd2 g5 34.Ke3 Ke7 35.b5 axb5 36.Bxb5 h6
37.g3 Nd7 38.Bxd7 Kxd7 39.Kd3 Kc7 40.Kc4 Kb8 41.Kb5 Ka7 42.g4 f6 43.f3 Kb8
44.Kb6 Kc8 45.a6 bxa6 46.Kxa6 Kc7 47.Ka7  1-0

[Event "JUG-ch"]
[Site "Kladovo"]
[Date "1992.??.??"]
[Round "9"]
[White "Kovacevic, Aleksandar"]
[Black "Smolovic, Mile"]
[Result "1-0"]
[WhiteElo "2400"]
[BlackElo "2340"]

1.e4 c5 2.Nc3 a6 3.Nf3 e6 4.d4 cxd4 5.Nxd4 Nc6 6.Be2 d6 7.O-O Nf6 8.Be3 Be7
9.f4 O-O 10.Qe1 Nxd4 11.Bxd4 b5 12.a3 Bb7 13.Bd3 Bc6 14.Qg3 Qd7 15.Rae1 a5
16.e5 dxe5 17.Bxe5 g6 18.f5 Nh5 19.Qh3 exf5 20.Bxf5 Qb7 21.Bg4 Ng7 22.Bf3 Rae8
23.Bxc6 Qxc6 24.Qd3 Bc5+ 25.Kh1 f6 26.Bf4 Rxe1 27.Rxe1 Re8 28.Rxe8+ Qxe8
29.Qd5+ Ne6 30.Ne4 Kg7 31.Bd2 Bd4 32.Nd6 Qd7  1-0

[Event "Kobanya op"]
[Site "Kobanya op"]
[Date "1992.??.??"]
[Round "9"]
[White "Dely, Peter"]
[Black "Karpov, Alexander"]
[Result "1/2-1/2"]
[WhiteElo "2430"]
[BlackElo "2335"]

1.e4 c5 2.Nf3 e6 3.Nc3 a6 4.d4 cxd4 5.Nxd4 Qc7 6.g3 Nf6 7.Bg2 Be7 8.O-O O-O
9.Be3 Nc6 10.a4 Na5 11.Qe2 d6 12.Rad1 Re8 13.g4 Rb8 14.g5 Nd7 15.f4 Bf8 16.Kh1 g6
17.Qf2 Bg7 18.f5 Ne5 19.Bc1 Nac6 20.f6  1/2-1/2

[Event "Kuopio op"]
[Site "Kuopio"]
[Date "1992.??.??"]
[Round "6"]
[White "Koskela, Niina"]
[Black "Vooremaa, Andres"]
[Result "0-1"]
[WhiteElo "2100"]
[BlackElo "2335"]

1.e4 c5 2.Nf3 e6 3.d4 cxd4 4.Nxd4 a6 5.Nc3 Qc7 6.g3 Nf6 7.Bg2 Be7 8.O-O O-O
9.Re1 d6 10.a4 Nc6 11.Nf3 h6 12.h3 Rb8 13.Qe2 Nd7 14.Bf4 Nde5 15.Rad1 Bd7
16.Bc1 b5 17.axb5 axb5 18.Nxe5 Nxe5 19.f4 Ng6 20.h4 Rfc8 21.h5 Nf8 22.Bd2 b4  0-1

[Event "ARG-ch sf2"]
[Site "La Plata"]
[Date "1992.??.??"]
[Round "?"]
[White "Roman, Facundo"]
[Black "Giardelli, Sergio C"]
[Result "0-1"]
[WhiteElo "2310"]
[BlackElo "2430"]

1.e4 c5 2.Nf3 e6 3.d4 cxd4 4.Nxd4 a6 5.Nc3 Qc7 6.Bd3 Nf6 7.O-O Bc5 8.Nb3 Ba7
9.Qe2 Nc6 10.Be3 Bxe3 11.Qxe3 O-O 12.f4 d6 13.Kh1 b5 14.a3 Bb7 15.Rae1 b4
16.e5 dxe5 17.axb4 Nxb4 18.fxe5 Nfd5 19.Nxd5 Bxd5 20.Nd4 Nxd3 21.Qxd3 Rfd8
22.Rf4 Qb7 23.Rh4 h6 24.Rg4 Qxb2 25.Qg3 Kh8 26.Rxg7 Rg8 27.Rxg8+ Rxg8 28.Qh4 Rxg2
29.Nf3 Rg6  0-1

[Event "Ladenburg BM"]
[Site "Ladenburg"]
[Date "1992.??.??"]
[Round "1"]
[White "Schmidt Schaeffer, Sebastian"]
[Black "Raupp, Thomas"]
[Result "0-1"]
[WhiteElo "2270"]
[BlackElo "2345"]

1.e4 c5 2.Nf3 e6 3.d4 cxd4 4.Nxd4 a6 5.Nc3 Qc7 6.Be2 b5 7.O-O Bb7 8.Re1 d6
9.a4 b4 10.Na2 Nf6 11.Bf3 Nbd7 12.Nxb4 Be7 13.Nd3 O-O 14.Bd2 Rac8 15.Bc3 Rfe8
16.Qd2 Bf8 17.Qg5 h6 18.Qg3 e5 19.Nf5 Kh7 20.Nb4 g6 21.Ne3 Nxe4 22.Nxa6 Qb6
23.Bxe4 Bxe4 24.Nb4 f5 25.Ned5 Qb7 26.Red1 Rc5 27.Ne3 f4 28.Qh4 fxe3 29.f3 Bf5
30.Qe1 Rc4 31.b3 Rcc8 32.Qxe3 d5 33.Qe1 d4 34.Bd2 e4  0-1

[Event "Ladenburg BM"]
[Site "Ladenburg"]
[Date "1992.??.??"]
[Round "3"]
[White "Schmaltz, Roland"]
[Black "Raupp, Thomas"]
[Result "1-0"]
[WhiteElo "2310"]
[BlackElo "2345"]

1.e4 c5 2.Nf3 e6 3.d4 cxd4 4.Nxd4 a6 5.Nc3 Qc7 6.Bd3 Nc6 7.Nxc6 bxc6 8.O-O d5
9.Kh1 Nf6 10.f4 Be7 11.Qf3 Bb7 12.f5 e5 13.Qg3 d4 14.Nb1 c5 15.Nd2 O-O 16.Nc4 Rfe8
17.Bh6 Bf8 18.Rae1 Kh8 19.Bd2 Nd7 20.Rf3 Bc6 21.b3 Qd8 22.a4 Be7 23.Re2 h6
24.Na5 Nb8 25.Bc4 Rf8 26.Qg4 Bg5 27.Rg3 Qf6 28.Bxg5 Qxg5 29.Qxg5 hxg5 30.Rxg5 Ra7
31.Rg4 Ba8 32.Rf2 Nc6 33.Nxc6 Bxc6 34.Rf3 Kg8 35.f6 g6  1-0

[Event "Ladenburg BM"]
[Site "Ladenburg"]
[Date "1992.??.??"]
[Round "7"]
[White "Schmidt Schaeffer, Sebastian"]
[Black "Schneider, Attila"]
[Result "1-0"]
[WhiteElo "2270"]
[BlackElo "2375"]

1.e4 c5 2.Nf3 e6 3.d4 cxd4 4.Nxd4 a6 5.Nc3 Qc7 6.Be2 Nf6 7.O-O d6 8.Kh1 b5
9.a3 Bb7 10.Qe1 Nbd7 11.f4 g6 12.f5 e5 13.Ne6 fxe6 14.fxe6 Nc5 15.Rxf6 Be7
16.Rf1 Nxe6 17.Be3 Nd4 18.Bxd4 exd4 19.Nd5 Bxd5 20.exd5 Rf8 21.Qd2 Bf6 22.a4 Rb8
23.axb5 axb5 24.Bxb5+ Kf7 25.Qxd4 Kg7 26.Ra7 Rb7 27.Rxb7 Qxb7 28.Qb4 Qxd5
29.Bd3 Re8 30.Qg4 Re7 31.b4 Qd4 32.Qxd4 Bxd4 33.g3 Rf7 34.Rd1 Bb6 35.Be4 Bc7
36.Bd5 Rf2 37.c4 Rb2 38.Rf1 Bb6 39.Rf7+ Kh6 40.b5 Rb1+ 41.Kg2 Rb2+ 42.Kh3 Kg5
43.Rxh7 Bg1 44.Bg2 Rc2 45.Rh4 Rb2 46.Rf4 Kh5 47.Rf1 Bc5 48.Re1 Kg5 49.Bf3 Kf5
50.Re2 Rb3 51.Be4+ Kg5 52.Kg2 Bd4 53.Bf3 Bc5 54.h4+ Kf6 55.g4 Bd4 56.Bd5 Bc5
57.Re6+ Kg7 58.g5 Rb2+ 59.Kh3 Rb3+ 60.Kg4 Rc3 61.Re7+ Kf8 62.Rf7+ Ke8 63.Rf6 Rc1
64.Rxg6 Rg1+ 65.Kh5 Rg3 66.Rg8+ Ke7 67.Kg6 Rg4 68.h5 Be3 69.Kf5 Rf4+ 70.Kg6 Rg4
71.Rg7+ Kf8 72.Rf7+  1-0

[Event "Ladenburg BM"]
[Site "Ladenburg"]
[Date "1992.??.??"]
[Round "11"]
[White "Schrepp, Martin"]
[Black "Schneider, Attila"]
[Result "1-0"]
[WhiteElo "2250"]
[BlackElo "2375"]

1.e4 c5 2.Nf3 e6 3.d4 cxd4 4.Nxd4 a6 5.Nc3 Qc7 6.f4 Bb4 7.Bd2 Nf6 8.e5 Bxc3
9.Bxc3 Nd5 10.Bd2 d6 11.c4 Nxf4 12.Qa4+ Bd7 13.Nb5 axb5 14.Qxa8 dxe5 15.cxb5 O-O
16.Rc1 Qd6 17.Qxb7 Nd3+ 18.Bxd3 Qxd3 19.a4 e4 20.Qb6 Qb3 21.Qd4 e5 22.Qxe4 Qxb2
23.Qb4 Qa2 24.O-O Be6 25.a5 Rd8 26.Rf2 Qd5 27.a6 h6 28.Be3 Qd3 29.Qd2  1-0

[Event "Las Vegas op"]
[Site "Las Vegas"]
[Date "1992.??.??"]
[Round "?"]
[White "Ramayrat, Cris"]
[Black "Piasetski, Leon David"]
[Result "0-1"]
[WhiteElo "2320"]
[BlackElo "2370"]

1.e4 c5 2.Nc3 e6 3.Nf3 a6 4.d4 cxd4 5.Nxd4 Qc7 6.g3 Bb4 7.Ne2 Nf6 8.Bg2 h6
9.O-O Bc5 10.Nf4 d6 11.Nd3 Ba7 12.Qe2 Nc6 13.Be3 Bxe3 14.Qxe3 Bd7 15.h3 Ne5
16.Nxe5 dxe5 17.Rfd1 Rc8 18.Rd2 Qc5 19.Qe1 O-O 20.Rad1 Rc7 21.a3 Qb6 22.Rb1 Rfc8
23.Qd1 Be8 24.Rd6 Rc6 25.Rxc6 Rxc6 26.Qe1 Rc4 27.Bf1 Rd4 28.Qe3 Qd8 29.Bd3 Bc6
30.b4 b5 31.Ne2 Rxe4 32.Bxe4 Nxe4 33.Nc3 Nxc3 34.Qxc3 Qd5 35.f3 e4 36.Qc5 exf3
37.Qxd5 Bxd5 38.a4 bxa4 39.Ra1 Bc6 40.c4 Kf8 41.Rb1 Be4 42.Rb2 Bd3 43.c5 e5
44.Kf2 e4 45.Ke3 f5 46.Ra2 Bb5 47.Rc2 Ke7 48.c6 Kd8 49.c7+ Kc8 50.h4 g5 51.hxg5 hxg5
52.Rc5 f4+ 53.gxf4 gxf4+ 54.Kf2 Be2 55.b5 e3+ 56.Ke1 Bd3  0-1

[Event "Le Touquet op"]
[Site "Le Touquet"]
[Date "1992.??.??"]
[Round "?"]
[White "Mathe, Aurelien"]
[Black "Emms, John M"]
[Result "0-1"]
[WhiteElo "2210"]
[BlackElo "2455"]

1.e4 c5 2.Nf3 e6 3.d4 cxd4 4.Nxd4 a6 5.Nc3 b5 6.Be2 Bb7 7.O-O Qc7 8.Re1 b4
9.Na4 Bd6 10.Bf3 Bxh2+ 11.Kh1 Be5 12.c3 bxc3 13.bxc3 Nf6 14.Rb1 O-O 15.Qb3 Bc6
16.Nb6 Ra7 17.Ba3 d6 18.Nc4 Rb7 19.Bb4 Bxd4 20.cxd4 Bxe4 21.Bxe4 Nxe4 22.Rxe4 Nc6
23.Bxd6 Rxb3 24.Rxb3 Qd7 25.Bxf8 Qd5 26.Ree3 Kxf8 27.Ne5 Nxd4 28.Rb8+ Ke7
29.Rc8 Nf5 30.Rc7+ Kd8 31.Rd7+ Qxd7 32.Nxd7 Nxe3 33.Ne5 Nd1 34.Nxf7+ Ke7
35.Ng5 Nxf2+ 36.Kg1 Nd3 37.Nxh7 Nb4 38.a3 Nc2 39.a4 Nd4 40.Kf2 Nb3 41.Ke3 Nc5
42.a5 Nb3 43.Ke4 Nxa5 44.Kd4 Nb3+ 45.Kc3 Nc5 46.Ng5 Kf6 47.Nf3 e5 48.Kc4 Nd7
49.Kd5 a5 50.Kc6 a4 51.Kxd7 a3  0-1

[Event "Liechtenstein op"]
[Site "Liechtenstein"]
[Date "1992.??.??"]
[Round "?"]
[White "Mitkov, Nikola"]
[Black "Beilfuss, Wilfried"]
[Result "1-0"]
[WhiteElo "2470"]
[BlackElo "2220"]

1.e4 c5 2.Nc3 a6 3.Nf3 e6 4.d4 cxd4 5.Nxd4 Qc7 6.a3 Nc6 7.Be3 Nf6 8.f4 d6
9.Qf3 Be7 10.Bd3 O-O 11.O-O Bd7 12.Kh1 Rfe8 13.Rae1 Bf8 14.Qg3 g6 15.Qh4 Be7
16.f5 Qd8 17.Nxc6 Bxc6 18.Bg5 Rf8 19.Re3 h5 20.Rg3  1-0

[Event "Ljubljana op"]
[Site "Ljubljana"]
[Date "1992.??.??"]
[Round "3"]
[White "Mazi, Leon"]
[Black "Grosar, Kiti"]
[Result "1-0"]
[WhiteElo "2315"]
[BlackElo "2080"]

1.e4 c5 2.Nf3 e6 3.d4 cxd4 4.Nxd4 a6 5.Nc3 Qc7 6.g3 Bb4 7.Bd2 Nf6 8.Bg2 Be7
9.Be3 O-O 10.O-O Nc6 11.a4 Ne5 12.h3 d6 13.g4 Nc4 14.Bc1 Rd8 15.g5 Nd7 16.f4 g6
17.b3 Na5 18.Bb2 Nb6 19.Nf3 e5 20.Nd5 Nxd5 21.exd5 Bf5 22.Rf2 f6 23.gxf6 Bxf6
24.Qe2 Re8 25.fxe5 dxe5 26.Rd1 Rac8 27.Qe3 Qd6 28.c4 Qb4 29.Nd2 Bh4 30.Re2 Bd8
31.Kh1 Bb6 32.Qg3 Bd4 33.Be4 Rf8 34.Bxf5 Rxf5 35.Rxe5 Bxe5 36.Bxe5 b6 37.Bd6 Rg5
38.Qf4 Rf5 39.Qxf5 Qxd6 40.Qxc8+  1-0

[Event "Manila ol (Men)"]
[Site "Manila"]
[Date "1992.??.??"]
[Round "?"]
[White "Gdanski, Jacek"]
[Black "Day, Lawrence A"]
[Result "1-0"]
[WhiteElo "2435"]
[BlackElo "2395"]

1.e4 c5 2.Nc3 e6 3.Nf3 a6 4.d4 cxd4 5.Nxd4 b5 6.Bd3 Bb7 7.f4 Nc6 8.Nf3 Nge7
9.O-O Ng6 10.Kh1 b4 11.Ne2 Qc7 12.Qe1 Be7 13.b3 O-O 14.Bb2 Bd6 15.e5 Be7
16.Qg3 a5 17.Rad1 Ba6 18.c4 bxc3 19.Nxc3 Bxd3 20.Rxd3 f5 21.Rfd1 Rfd8 22.Nd4 Nb4
23.R3d2 Qb7 24.Nf3 Na6 25.h4 Nf8 26.h5 h6 27.Nd4 Nc7 28.Kh2 Bb4 29.Rd3 Bxc3
30.Rxc3 a4 31.Ba3 axb3 32.Rxb3 Qe4 33.Re3 Qb7 34.Be7 Re8 35.Bf6 g6 36.Nxf5 Rxa2
37.Nxh6+ Kh7  1-0

[Event "Manila ol (Men)"]
[Site "Manila"]
[Date "1992.??.??"]
[Round "?"]
[White "Gdanski, Jacek"]
[Black "Rytshagov, Mikhail"]
[Result "1/2-1/2"]
[WhiteElo "2435"]
[BlackElo "2385"]

1.e4 c5 2.Nc3 e6 3.Nf3 a6 4.d4 cxd4 5.Nxd4 d6 6.Bc4 Nf6 7.Bb3 Nbd7 8.O-O Nc5
9.f4 Be7 10.e5 dxe5 11.fxe5 Nxb3 12.axb3 Bc5 13.Be3 Nd5 14.Bf2 Nxc3 15.bxc3 O-O
16.Qh5 Be7 17.Rad1 Qc7 18.Rd3 g6 19.Qe2 Bd7 20.Rh3 f6 21.Bh4 Qxe5 22.Re3 Qc5
23.Nxe6 Bxe6 24.Bf2 Bd6 25.Rxe6 Qc7 26.h3 Be5 27.Bd4 Qd7 28.Qc4 b5 29.Re7+ bxc4
30.Rxd7 cxb3 31.Bxe5 fxe5 32.cxb3 Rxf1+ 33.Kxf1 Rb8 34.Ke2 Rxb3 35.Kd3 e4+
36.Kc2 Rb8 37.Re7 Kf8 38.Rxh7 Rd8 39.Rh4 e3 40.Rf4+ Kg7 41.Re4 Rd2+ 42.Kb3 Rxg2
43.Rxe3 Kf6 44.c4 Rg5 45.Kc3 Re5 46.Rg3 g5 47.Kd4 Ke6 48.Rb3 Ra5 49.Rb6+ Kd7
50.Rh6 Kc7 51.Rg6 Ra3 52.Rh6 Rf3 53.Rxa6  1/2-1/2

[Event "Manila ol (Men)"]
[Site "Manila"]
[Date "1992.??.??"]
[Round "?"]
[White "Cochrane, John Miles"]
[Black "Briffel, Francisco"]
[Result "1-0"]
[WhiteElo "2205"]
[BlackElo "2215"]

1.e4 c5 2.Nf3 e6 3.Nc3 a6 4.d4 cxd4 5.Nxd4 Qc7 6.Be3 Nc6 7.Be2 b5 8.O-O Bb7
9.Bd3 Nf6 10.Qf3 Ne5 11.Qg3 d6 12.f4 Neg4 13.Bd2 h5 14.h3 Nh6 15.Rae1 Be7
16.b4 h4 17.Qf2 Nh5 18.f5 e5 19.Nde2 Bc6 20.Ra1 Qb7 21.Qf3 Nf6 22.Rfe1 Kd7
23.Nc1 Bd8 24.Nb3 Nhg8 25.a4 Rc8 26.axb5 Bxb5 27.Nxb5 axb5 28.Be3 Ke8 29.Ra7 Qb8
30.Rea1 Kf8 31.Qf2 Ne7 32.Na5 Rc7 33.Ra6 Rc3 34.Nb3 Nc8 35.Bd2 Rc7 36.Qe2 Qb7
37.Ra8 Ne7 38.R1a6 Rc6 39.Ra2 Rc7 40.Be1 Qc6 41.R2a6 Qb7 42.Na5  1-0

[Event "Manila ol (Women)"]
[Site "Manila"]
[Date "1992.??.??"]
[Round "?"]
[White "Uskova, Fliura"]
[Black "Qin Kanying"]
[Result "1/2-1/2"]
[WhiteElo "2275"]
[BlackElo "2315"]

1.e4 c5 2.Nf3 e6 3.Nc3 a6 4.d4 cxd4 5.Nxd4 Qc7 6.g3 Nc6 7.Bg2 d6 8.O-O Be7
9.Nce2 Nf6 10.c4 O-O 11.b3 Ne5 12.Bb2 Rb8 13.Nc3 b6 14.Qe2 Bb7 15.a4 Rfe8
16.Rac1 Rbc8 17.h3 Qb8 18.f4 Ned7 19.Kh2 Bf8 20.Nf3 Rcd8 21.Rcd1 Nc5 22.Nd2 d5
23.e5 Nfe4 24.Ndxe4 dxe4 25.Nxe4 Nxb3 26.Nd6 Bxg2 27.Qxg2 Bxd6 28.exd6 Nc5
29.a5 bxa5 30.Ba3 Qc8 31.Qd2 Qc6 32.Qxa5 Ne4 33.c5 Rb8 34.Rd4 Nxc5 35.Rc4 Nb3
36.Rxc6 Nxa5 37.Rxa6 Nc4 38.Rd1 Nxa3 39.Rxa3 g6 40.Kg2 Red8 41.Kf3 Rb6 42.Rad3 Kf8
43.Ke4 h5 44.g4 f5+ 45.gxf5 gxf5+ 46.Kf3 h4 47.R1d2 Rb1 48.Rg2 Rh1 49.Ke2 Ra8
50.d7 Ra2+ 51.Rd2 Rxd2+ 52.Kxd2 Ke7 53.Rg7+ Kd8 54.Ke3 Rxh3+ 55.Kd4 Kc7 56.Rh7 Rf3
57.Ke5 Re3+ 58.Kf6 Kd8 59.Rxh4 Kxd7 60.Rh1 Kd6 61.Rd1+  1/2-1/2